[Event "Ch Hungary"]
[Site "masterchessopen.com – Budapest (Hungary)"]
[Round "0"]
[White "Varnusz Egon (HUN)"]
[Black "Honfi Karoly (HUN)"]
[Result "0-1"]
[WhiteElo "2345"]
[BlackElo "2365"]

1.d4 Nf6 2.c4 g6 3.Nc3 d5 4.Nf3 Bg7 5.Bf4 O-O 6.Rc1 c6 7.cxd5 Nxd5 8.Be5 Nxc3
9.Rxc3 Bxe5 10.Nxe5 Nd7 11.Nxd7 Qxd7 12.e3 Rd8 13.f4 Qd5 14.a3 Bf5 15.Qc1 b6
16.Kf2 Be4 17.Bc4 Qf5 18.h4 Rd6 19.Be2 Rad8 20.g4 Qd7 21.Rh2 f6 22.g5 e5
23.dxe5 fxe5 24.fxe5 Qf5+ 25.Kg1 Qxe5 26.Qe1 Kg7 27.Bg4 c5 28.b4 Rd3 29.Rhc2
Bc6 30.Rxd3 Rxd3 31.Qf2 Rxe3 32.Kf1 Qa1+ {#R} 0-1

[Event "Ch Hungary"]
[Site "masterchessopen.com – Budapest (Hungary)"]
[Round "0"]
[White "Varnusz Egon (HUN)"]
[Black "Lengyel Levente (HUN)"]
[Result "0-1"]
[WhiteElo "2345"]
[BlackElo "2293"]

1.d4 Nf6 2.c4 g6 3.Nc3 Bg7 4.Nf3 d5 5.Bf4 O-O 6.Rc1 c5 7.dxc5 Be6 8.Nd4 Nc6
9.Nxe6 fxe6 10.cxd5 Nxd5 11.Bd2 Nxc3 12.Bxc3 Bxc3+ 13.Rxc3 Qxd1+ 14.Kxd1 Rxf2
15.Rf3 Rd8+ 16.Ke1 Rxf3 17.exf3 Kf7 18.Bc4 Rd4 19.b3 Ne5 20.Be2 Nd7 21.Bc4
Nxc5 22.Ke2 Kf6 23.Rc1 a5 24.Ke3 e5 25.Be2 b6 26.Bc4 Rh4 27.h3 Rd4 28.g3 g5
29.Be2 h5 30.Rc4 h4 31.gxh4 Rxh4 32.Rxh4 gxh4 33.Bb5 Ne6 34.Bd7 Nf4 35.Bg4 e6
36.Kd2 b5 37.a3 b4 38.axb4 axb4 39.Ke3 Ke7 {#R} 0-1

[Event "Ch URS (team)"]
[Site "masterchessopen.com – Moscow (Russia)"]
[Round "0"]
[White "Geldimamedov Hodja (TKM)"]
[Black "Kapengut Albert Z (BLR)"]
[Result "1-0"]
[WhiteElo "2276"]
[BlackElo "2402"]

1.d4 Nf6 2.c4 g6 3.Nc3 d5 4.Nf3 Bg7 5.Bf4 O-O 6.Rc1 dxc4 7.e3 c5 8.Bxc4 cxd4
9.Nxd4 Nbd7 10.Nf3 Qa5 11.O-O Nb6 12.Bb3 Bg4 13.h3 Rad8 14.Qe2 e5 15.Bg3 Bh5
16.e4 Rd4 17.Bh4 Bxf3 18.Qxf3 Nbd7 19.Rfd1 h6 20.Nd5 Nxd5 21.Bxd5 g5 22.Bg3
Qb6 23.Qf5 Nc5 24.Rxd4 exd4 25.Rxc5 d3 26.Bb3 d2 27.Rd5 Bd4 28.Qf3 Rc8 29.Kh2
Rc6 30.Rxg5+ {#r} 1-0

[Event "Ch DDR"]
[Site "masterchessopen.com – Magdeburg (Germany)"]
[Round "8"]
[White "Starck Bodo (GER)"]
[Black "Uhlmann Wolfgang (GER)"]
[Result "0-1"]
[WhiteElo "2248"]
[BlackElo "2379"]

1.d4 Nf6 2.c4 g6 3.Nc3 d5 4.Bf4 Bg7 5.Nf3 O-O 6.Rc1 dxc4 7.e4 c5 8.dxc5 Qxd1+
9.Kxd1 Nbd7 10.c6 bxc6 11.Bxc4 Nb6 12.Bd3 Be6 13.Ke2 Rfd8 14.Rhd1 Nh5 15.Be3
Bxc3 16.Rxc3 Na4 17.Rc2 Bxa2 18.Nd2 Rab8 19.b3 Rxb3 20.Bc4 Ra3 21.Rxa2 Rxa2
22.Bxa2 Nc3+ 23.Ke1 Nxa2 24.Ra1 Nb4 25.Rxa7 Nf4 26.Kf1 e5 27.g3 Nc2 28.Bxf4
exf4 29.Nf3 Nd4 30.Ng5 f3 31.Nxf7 Rb8 32.Ke1 Rb2 33.e5 Re2+ 34.Kd1 Rxf2
35.Nh6+ Kf8 36.Ng4 Re2 37.Nf6 f2 {#R} 0-1

[Event "Ch URS (1/2 final)"]
[Site "masterchessopen.com – Minsk (Belarus)"]
[Round "0"]
[White "Zilber Israel (USA)"]
[Black "Suetin Alexei S (RUS)"]
[Result "0-1"]
[WhiteElo "2400"]
[BlackElo "2327"]

1.d4 Nf6 2.c4 g6 3.Nc3 d5 4.Nf3 Bg7 5.Bf4 O-O 6.Rc1 c5 7.dxc5 Be6 8.e3 Nc6
9.Nd4 Nxd4 10.exd4 dxc4 11.Be5 Bh6 12.Ra1 Ng4 13.Bg3 Bg7 14.d5 Bxc3+ 15.bxc3
Qxd5 16.Be2 Nf6 17.Bf3 Qxc5 18.Bxb7 Rad8 19.Qe2 Bf5 20.Bf3 Bd3 21.Qe3 Qa5
22.Rc1 Qxa2 23.h4 h5 24.Bf4 Rd6 25.Qd2 Re6+ 26.Be3 Qa3 27.Rd1 Rb8 28.Qc1 Rb2
29.Rxd3 cxd3 30.O-O Qb3 31.c4 Rc2 32.Qa1 Qxc4 33.Qxa7 d2 {#R} 0-1

[Event "Ch World (juniors) (under 20)"]
[Site "masterchessopen.com – Barcelona (Spain)"]
[Round "6"]
[White "Farago Ivan (HUN)"]
[Black "Zwaig Arne (NOR)"]
[Result "1-0"]
[WhiteElo "2488"]
[BlackElo "2439"]

1.d4 Nf6 2.c4 g6 3.Nc3 d5 4.Bf4 Bg7 5.Nf3 O-O 6.Rc1 c5 7.dxc5 Be6 8.Nd4 Nc6
9.Nxe6 fxe6 10.e3 Qa5 11.Be2 Rad8 12.Qa4 Qxc5 13.Qb5 Qxb5 14.cxb5 Nb8 15.Na4
Rc8 16.O-O Nbd7 17.Bf3 e5 18.Bg3 e6 19.b4 Rfe8 20.Nc5 Nxc5 21.bxc5 Nd7 22.c6
bxc6 23.bxc6 Nb8 24.Be2 Re7 25.Bb5 Rec7 26.Rc2 Kf7 27.f4 e4 28.Rfc1 Ke7 29.Be1
Bf8 30.Ba5 Kd8 31.Rf1 Bd6 32.g4 Ke7 33.Bxc7 Bxc7 34.f5 gxf5 35.gxf5 Rg8+
36.Rg2 Rxg2+ 37.Kxg2 exf5 38.Rxf5 Kd6 39.Rf7 Bb6 40.Rxh7 {#r} 1-0

[Event "Tournament (corr.)"]
[Site "masterchessopen.com – ?"]
[Round "0"]
[White "Kummer Helmut (AUT)"]
[Black "August Christian (GER)"]
[Result "1-0"]
[WhiteElo "2370"]
[BlackElo "2120"]

1.d4 Nf6 2.c4 g6 3.Nc3 d5 4.Nf3 Bg7 5.Bf4 O-O 6.Rc1 dxc4 7.e4 c5 8.dxc5 Qxd1+
9.Rxd1 Nfd7 10.Nd5 Nc6 11.Be3 Bxb2 12.Bxc4 Nde5 13.Nxe5 Bxe5 14.f4 Bg7 15.O-O
Bg4 16.Rb1 e6 17.Nc7 Na5 18.Rfc1 Rac8 19.Nb5 Nxc4 20.Rxc4 Be2 21.Rcc1 Bd3
22.Rb4 a5 23.Rb3 Bxe4 24.Nd6 Bd5 25.Nxc8 Bxb3 26.Ne7+ Kh8 27.axb3 Bf6 28.c6
{#r} 1-0

[Event "Ch Denmark"]
[Site "masterchessopen.com – Aarhus (Denmark)"]
[Round "3"]
[White "Andersen Borge (DEN)"]
[Black "Jakobsen Ole (DEN)"]
[Result "0-1"]
[WhiteElo "2385"]
[BlackElo "2334"]

1.d4 Nf6 2.c4 g6 3.Nc3 d5 4.Nf3 Bg7 5.Bf4 O-O 6.Rc1 c5 7.dxc5 Be6 8.e3 Nc6
9.Ne5 Qa5 10.Nxc6 bxc6 11.Qa4 Qd8 12.Be2 dxc4 13.O-O Nd5 14.Rfd1 Qc8 15.Bxc4
Nxc3 16.bxc3 Bxc4 17.Qxc4 Rd8 18.Bg5 Qc7 19.Qe4 Kf8 20.h3 Rd7 21.Bf4 Qd8
22.Qa4 Rxd1+ 23.Rxd1 Qc8 24.Qa5 Ke8 25.c4 Qb7 26.Kh2 h5 27.Rd3 Bf6 28.Rb3 Qc8
29.Bc7 Kf8 30.Kg1 Kg8 31.Kf1 Kg7 32.Ke2 Qf5 33.Rd3 Qe4 34.Qb4 Qxg2 35.Qb7 Rh8
36.Rd2 Qxh3 37.Qxc6 Qg4+ 38.Kd3 Rc8 39.Qb7 Qd7+ {#R} 0-1

[Event "Ch Pan-American"]
[Site "masterchessopen.com – Habana (Cuba)"]
[Round "0"]
[White "Fuster Geza (CAN)"]
[Black "Jimenez Eleazar (CUB)"]
[Result "0-1"]
[WhiteElo "2280"]
[BlackElo "2365"]

1.d4 Nf6 2.c4 g6 3.Nc3 d5 4.Bf4 Bg7 5.Nf3 O-O 6.Rc1 c5 7.dxc5 Be6 8.Nd4 Nc6
9.Nxe6 fxe6 10.e3 Qa5 11.Be2 Ne4 12.cxd5 Rad8 13.O-O Bxc3 14.bxc3 Nxc3 15.Qc2
Nxe2+ 16.Qxe2 exd5 17.Rfd1 e5 18.Bg5 Rd7 19.Qg4 Rdf7 20.Bh6 Re8 21.Qe2 Qd8
22.e4 d4 23.f3 Qf6 24.Qd2 Rc8 25.Bg5 Qe6 26.Qb2 Nb8 27.Qa3 a6 28.Rb1 Qc6
29.Rdc1 Nd7 30.Bd2 Nxc5 31.Bb4 b6 32.Rc4 Qb5 33.Rbc1 Rfc7 34.f4 a5 35.Be1 Qe8
36.fxe5 d3 37.Bg3 Qb5 38.e6 d2 39.Rxc5 dxc1=Q+ {#R} 0-1

[Event "Ch URS (1/2 final)"]
[Site "masterchessopen.com – Krasnodar (Russia)"]
[Round "0"]
[White "Terentiev Vitaly G (RUS)"]
[Black "Gufeld Eduard (USA)"]
[Result "1-0"]
[WhiteElo "2262"]
[BlackElo "2434"]

1.d4 Nf6 2.c4 g6 3.Nc3 d5 4.Nf3 Bg7 5.Bf4 O-O 6.Rc1 dxc4 7.e3 Be6 8.Ng5 Bd5
9.e4 h6 10.exd5 hxg5 11.Bxg5 Nxd5 12.Bxc4 Nb6 13.Bb3 Nc6 14.Ne2 Na5 15.Bc2 Qd5
16.h4 e5 17.Nc3 Qxd4 18.Qe2 e4 19.h5 Nbc4 20.Rd1 Qe5 21.Nxe4 f6 22.h6 Bh8
23.h7+ Kf7 24.Rd7+ Ke8 25.Rd5 Qe6 26.Nxf6+ Kf7 27.Bxg6+ Kxg6 28.Qxe6 {#r} 1-0

[Event "It"]
[Site "masterchessopen.com – Tel Aviv (Israel)"]
[Round "11"]
[White "Gligoric Svetozar (SRB)"]
[Black "Szilagyi Gyorgy (HUN)"]
[Result "1-0"]
[WhiteElo "2447"]
[BlackElo "2370"]

1.d4 Nf6 2.c4 g6 3.Nc3 d5 4.Nf3 Bg7 5.Bf4 O-O 6.Rc1 e6 7.e3 b6 8.cxd5 exd5
9.Nb5 c5 10.Nc7 Bb7 11.Nxa8 Bxa8 12.b3 Nc6 13.Be2 Ne4 14.h4 h6 15.Bh2 cxd4
16.exd4 Qf6 17.O-O Nxd4 18.Nxd4 Qxd4 19.Qxd4 Bxd4 20.Bf4 Kg7 21.Bf3 Bf6
22.Bxe4 dxe4 23.Rfd1 Bxh4 24.Rd7 a5 25.Rcc7 Bd8 26.Rc8 Bf6 27.Bxh6+ {#r} 1-0

[Event "Ch Hungary"]
[Site "masterchessopen.com – Budapest (Hungary)"]
[Round "2"]
[White "Farago Ivan (HUN)"]
[Black "Ribli Zoltan (HUN)"]
[Result "0-1"]
[WhiteElo "2488"]
[BlackElo "2588"]

1.d4 Nf6 2.c4 g6 3.Nc3 d5 4.Nf3 Bg7 5.Bf4 O-O 6.Rc1 c5 7.dxc5 Be6 8.Nd4 Nc6
9.Nxe6 fxe6 10.e3 Qa5 11.Be2 Ne4 12.Qb3 d4 13.exd4 Rxf4 14.Qxb7 Rb8 15.Qxc6
Rxb2 16.Qa4 Rxe2+ {#R} 0-1

[Event "?"]
[Site "masterchessopen.com – Poland"]
[Round "0"]
[White "Filep Tibor (HUN)"]
[Black "Pytel Krzysztof (FRA)"]
[Result "0-1"]
[WhiteElo "2216"]
[BlackElo "2305"]

1.d4 Nf6 2.c4 g6 3.Nc3 d5 4.Nf3 Bg7 5.Bf4 O-O 6.Rc1 c5 7.dxc5 dxc4 8.Qa4 Nc6
9.e3 Nd7 10.Qxc4 Qa5 11.Nd4 Nxd4 12.exd4 e5 13.dxe5 Nxe5 14.Qb5 Qc7 15.Be2 Bd7
16.Qb4 a5 17.Qb6 Nd3+ 18.Bxd3 Qxf4 19.O-O Bc6 20.Bb5 Ra6 21.Bxa6 Be5 22.Rfd1
Qxh2+ 23.Kf1 Bc7 24.Qb3 Re8 25.f3 Bxf3 26.Rd2 Qh1+ {#R} 0-1

[Event "Tournament"]
[Site "masterchessopen.com – Budapest (Hungary)"]
[Round "0"]
[White "Farago Ivan (HUN)"]
[Black "Petran Pal (HUN)"]
[Result "1-0"]
[WhiteElo "2488"]
[BlackElo "2384"]

1.d4 Nf6 2.c4 g6 3.Nc3 d5 4.Nf3 Bg7 5.Bf4 O-O 6.Rc1 dxc4 7.e4 Bg4 8.Bxc4 c6
9.Be2 Qb6 10.Rc2 Rd8 11.Rd2 Nbd7 12.O-O Nf8 13.h3 Bxf3 14.Bxf3 Rd7 15.Na4 Qa5
16.Nc5 Qxa2 17.Nxd7 N6xd7 18.Qc2 Qa5 19.Rfd1 Ne6 20.Be3 Nc7 21.d5 Ne5 22.Be2
g5 23.Bxg5 Re8 24.Be3 Na6 25.f4 Ng6 26.Bxa6 Qxa6 27.dxc6 bxc6 28.Rd8 Rf8 29.f5
Rxd8 30.Rxd8+ Nf8 31.Qf2 h6 32.Bd4 Qd3 33.e5 c5 34.f6 exf6 35.exf6 Bh8 36.Qf3
Qb1+ 37.Kh2 cxd4 38.Rxf8+ Kxf8 39.Qa8# 1-0

[Event "It (open)"]
[Site "masterchessopen.com – Ybbs (Austria)"]
[Round "2"]
[White "Johansson Gunnar (SWE)"]
[Black "Moe Mogens (DEN)"]
[Result "0-1"]
[WhiteElo "2232"]
[BlackElo "2300"]

1.d4 Nf6 2.c4 g6 3.Nc3 d5 4.Bf4 Bg7 5.Nf3 O-O 6.Rc1 c5 7.dxc5 Be6 8.Nd4 Nc6
9.Nxe6 fxe6 10.e3 Qa5 11.Be2 Rad8 12.Qa4 Qxc5 13.O-O d4 14.Nb5 d3 15.Bf3 e5
16.Bg3 e4 17.Bd1 Nh5 18.Rb1 Nxg3 19.hxg3 Rxf2 20.Rxf2 Qxe3 21.Kf1 Qh6 22.Kg1
e3 23.Rf4 e2 24.Bxe2 dxe2 25.c5 a6 26.Qb3+ Kh8 27.Nc3 Bd4+ 28.Rxd4 Qe3+ 29.Kh2
Nxd4 30.Qb6 Rf8 31.Nd5 e1=Q 32.Nxe3 Qxe3 {#R} 0-1

[Event "?"]
[Site "masterchessopen.com – URS"]
[Round "0"]
[White "Doroshkievich Vladimir K (RUS)"]
[Black "Averkin Orest N (RUS)"]
[Result "1-0"]
[WhiteElo "2420"]
[BlackElo "2376"]

1.d4 Nf6 2.c4 g6 3.Nc3 d5 4.Nf3 Bg7 5.Bf4 O-O 6.Rc1 dxc4 7.e3 Be6 8.Ng5 Bd5
9.e4 h6 10.exd5 hxg5 11.Bxg5 Nxd5 12.Bxc4 Nb6 13.Bb3 Nc6 14.Ne2 Rc8 15.O-O
Nxd4 16.Nxd4 Qxd4 17.Qf3 e6 18.Qxb7 c5 19.Qxa7 Qb4 20.Rfd1 Be5 21.Bd2 Qb5
22.Qa5 Qxa5 23.Bxa5 c4 24.Bxb6 cxb3 25.axb3 Rxc1 26.Rxc1 Rb8 27.Rc6 Bxb2
28.Kf1 e5 29.b4 Bd4 30.Bxd4 exd4 31.Rc4 d3 32.Rd4 Kg7 33.f4 Kf6 34.Kf2 Rc8
35.Rxd3 Rc4 36.Rb3 Rxf4+ 37.Rf3 {#r} 1-0

[Event "Tournament (team)"]
[Site "masterchessopen.com – Villa Gesell (Argentina)"]
[Round "0"]
[White "Rocha Antonio (BRA)"]
[Black "Farah Rodolfo (ARG)"]
[Result "1-0"]
[WhiteElo "2300"]
[BlackElo "2152"]

1.d4 Nf6 2.c4 g6 3.Nc3 d5 4.Nf3 Bg7 5.Bf4 O-O 6.Rc1 c5 7.dxc5 dxc4 8.e4 Qa5
9.e5 Nfd7 10.Bxc4 Nxc5 11.O-O Be6 12.Nd5 Bxd5 13.Qxd5 e6 14.Qd4 Nc6 15.Qe3 Nd7
16.Rfe1 Rac8 17.a3 Qc7 18.b4 a6 19.Bb3 Qb8 20.Rcd1 Qc7 21.h4 Ne7 22.Ng5 Nf5
23.Qh3 Qc3 24.Nxe6 Qxh3 25.gxh3 fxe6 26.Bxe6+ Kh8 27.Bxd7 Rc3 28.e6 Nxh4 29.e7
Nf3+ 30.Kf1 Re8 31.Bxe8 Nxe1 32.Bxg6 {#r} 1-0

[Event "?"]
[Site "masterchessopen.com – URS"]
[Round "0"]
[White "Borisenko Georgy K (UZB)"]
[Black "Tukmakov Vladimir B (UKR)"]
[Result "1-0"]
[WhiteElo "2354"]
[BlackElo "2565"]

1.d4 Nf6 2.c4 g6 3.Nc3 d5 4.Nf3 Bg7 5.Bf4 O-O 6.Rc1 dxc4 7.e4 c5 8.dxc5 Qa5
9.e5 Rd8 10.Bd2 Ng4 11.Bxc4 Qxc5 12.Ne4 Qb6 13.Bxf7+ Kxf7 14.Rxc8 Rxc8
15.Nfg5+ Kg8 16.Qxg4 Qc6 17.Nd6 Qd7 18.Qh4 exd6 19.Qxh7+ Kf8 20.Qxg6 Kg8
21.Qh7+ Kf8 22.Qg6 Kg8 23.O-O Rc5 24.f4 Nc6 25.f5 Rxe5 26.Qh7+ {#r} 1-0

[Event "?"]
[Site "masterchessopen.com – URS"]
[Round "0"]
[White "Dzindzichashvili Roman (USA)"]
[Black "Gutman Lev (GER)"]
[Result "1-0"]
[WhiteElo "2500"]
[BlackElo "2450"]

1.c4 Nf6 2.Nc3 d5 3.d4 g6 4.Nf3 Bg7 5.Bf4 O-O 6.Rc1 dxc4 7.e4 c5 8.dxc5 Qa5
9.e5 Rd8 10.Bd2 Ng4 11.Bxc4 Qxc5 12.Ne4 Qb6 13.Bxf7+ Kxf7 14.Rxc8 Rxc8
15.Nfg5+ Kg8 16.Qxg4 Qc6 17.Nd6 Qd7 18.Qh4 h6 19.Nxc8 hxg5 20.Qc4+ e6 21.Nd6
Bxe5 22.Ne4 Nc6 23.O-O Bxb2 24.Bxg5 Qd5 25.Qc2 Bg7 26.Nf6+ Bxf6 27.Bxf6 Kf7
28.Rd1 Qf5 29.Qb2 b6 30.Rd7+ Ke8 31.Rc7 {#r} 1-0

[Event "Ch Europe (team) 1973/83"]
[Site "masterchessopen.com – corr."]
[Round "0"]
[White "Sliwa Bogdan (POL)"]
[Black "Campeert Julien (BEL)"]
[Result "1-0"]
[WhiteElo "2235"]
[BlackElo "1994"]

1.d4 Nf6 2.c4 g6 3.Nc3 d5 4.Bf4 Bg7 5.Nf3 O-O 6.Rc1 dxc4 7.e3 Be6 8.Ng5 Bd5
9.e4 h6 10.exd5 hxg5 11.Bxg5 Nxd5 12.Bxc4 Nb6 13.Bb3 c6 14.O-O Qxd4 15.Qf3
N8d7 16.Bxe7 Ne5 17.Qe4 Qxe4 18.Nxe4 Rfe8 19.Nf6+ Bxf6 20.Bxf6 Nbd7 21.Bg5 Nd3
22.Rcd1 N3c5 23.Be3 Rad8 24.Bc2 a6 25.Bg5 {#r} 1-0

[Event "Ch URS (1 liga)"]
[Site "masterchessopen.com – Tbilisi (Georgia)"]
[Round "3"]
[White "Bronstein David I (RUS)"]
[Black "Zilberstein Valery I (RUS)"]
[Result "1-0"]
[WhiteElo "2570"]
[BlackElo "2251"]

1.d4 Nf6 2.c4 g6 3.Nc3 d5 4.Nf3 Bg7 5.Bf4 O-O 6.Rc1 dxc4 7.e3 Be6 8.Ng5 Bd5
9.e4 h6 10.exd5 hxg5 11.Bxg5 b5 12.h4 c6 13.Qf3 cxd5 14.h5 Qd7 15.h6 Bh8
16.Nxd5 Qe6+ 17.Ne3 Nh7 18.Bf4 Bxd4 19.Qxa8 Nc6 20.Qb7 g5 21.Qxb5 gxf4 22.Bxc4
Qf6 23.Ng4 Qg6 24.Qxc6 Qxg4 25.Be2 Qf5 26.Rh5 Ng5 27.h7+ Kh8 28.Qh6 Bg7
29.Qxg5 {#r} 1-0

[Event "Tournament"]
[Site "masterchessopen.com – Copenhagen (Denmark)"]
[Round "1"]
[White "Brinck-Claussen Bjorn (DEN)"]
[Black "Fedder Steen (DEN)"]
[Result "1-0"]
[WhiteElo "2263"]
[BlackElo "2380"]

1.d4 Nf6 2.c4 g6 3.Nc3 d5 4.Nf3 Bg7 5.Bf4 O-O 6.Rc1 c5 7.dxc5 Be6 8.Nd4 Nc6
9.Nxe6 fxe6 10.e3 Qa5 11.Qa4 Qxc5 12.Qb5 Qxb5 13.cxb5 Na5 14.Bd3 Rac8 15.O-O
Nc4 16.b3 Nb2 17.Bb1 Nh5 18.Ne2 Rxc1 19.Rxc1 d4 20.Rc7 d3 21.Bxd3 Nxd3 22.Rxb7
Nhxf4 23.exf4 Rc8 24.Kf1 Ra8 25.Rxe7 e5 26.fxe5 Nxe5 27.Nd4 Bf6 28.Re6 Ng4
29.Nc6 Kf7 30.Re4 Nh6 31.Ra4 Rc8 32.Rxa7+ Ke6 33.Rxh7 Nf5 34.Rh3 Nd4 35.Re3+
Kd6 36.Rd3 {#r} 1-0

[Event "corr."]
[Site "masterchessopen.com – Czechoslovakia"]
[Round "0"]
[White "Pribyl Josef (CZE)"]
[Black "Wagenknecht Uwe (GER)"]
[Result "1-0"]
[WhiteElo "2485"]
[BlackElo "2213"]

1.c4 Nf6 2.Nc3 g6 3.d4 d5 4.Nf3 Bg7 5.Bf4 O-O 6.Rc1 dxc4 7.e3 Be6 8.Ng5 Bd5
9.e4 h6 10.exd5 hxg5 11.Bxg5 b5 12.Qf3 a6 13.h4 Nbd7 14.h5 Nxh5 15.g4 Nhf6
16.Qh3 Re8 17.Bh6 Bh8 18.Bf8 Nh5 19.gxh5 Nxf8 20.hxg6 Nxg6 21.Qh7+ Kf8 22.Bh3
Qd6 23.Be6 Qf4 24.Ne2 Qf6 25.Rc3 {#r} 1-0

[Event "Ch Great Britain"]
[Site "masterchessopen.com – Chester (England)"]
[Round "5"]
[White "Jones Brian (AUS)"]
[Black "Brangham G"]
[Result "1-0"]
[WhiteElo "2070"]
[BlackElo "2200"]

1.d4 Nf6 2.c4 g6 3.Nc3 d5 4.Nf3 Bg7 5.Bf4 O-O 6.Rc1 c5 7.dxc5 dxc4 8.e3 Na6
9.c6 bxc6 10.Bxc4 Qb6 11.Qe2 Nb4 12.O-O Ba6 13.e4 Bxc4 14.Qxc4 a5 15.Rfd1 Rad8
16.Ne5 e6 17.a3 Na6 18.Nxc6 Rxd1+ 19.Nxd1 Nd7 20.b4 axb4 21.axb4 Kh8 22.Be3
Qb7 23.b5 Nab8 24.Na5 Qa8 25.Qb4 Ne5 26.Nb2 Nbd7 27.b6 Rc8 28.Rxc8+ Qxc8 29.b7
Qc7 30.g3 Nb8 31.Kg2 Nec6 32.Nxc6 Nxc6 33.Qb5 h5 34.Qxc6 Qxc6 35.b8=Q+ Kh7
36.Qb4 Bxb2 37.Qxb2 Qxe4+ 38.Kg1 {#r} 1-0

[Event "?"]
[Site "masterchessopen.com – Tuzla (Bosnia & Herzegovina)"]
[Round "0"]
[White "Sprecic Mustafa (BIH)"]
[Black "Milanovic Danilo (SRB)"]
[Result "0-1"]
[WhiteElo "2310"]
[BlackElo "2516"]

1.d4 Nf6 2.c4 g6 3.Nc3 d5 4.Nf3 Bg7 5.Bf4 O-O 6.h4 c5 7.e3 Nc6 8.h5 Nxh5
9.Rxh5 gxh5 10.cxd5 cxd4 11.exd4 Nxd4 12.Nxd4 e5 13.Qxh5 exd4 14.Bd3 f5 15.Ne2
Qxd5 16.Rc1 Be6 17.Rc7 Rf7 18.Bc4 Qa5+ 19.Bd2 Qxc7 20.Bxe6 Re8 21.Qxf5 Qe7
22.Bxf7+ Qxf7 23.Qxf7+ Kxf7 24.Kd1 Rc8 25.Nc1 Ke6 26.Nd3 Be5 27.Ke2 Bd6 28.Ne1
Kd5 29.Kd3 Rf8 30.Nf3 b5 31.Ke2 Rg8 32.Ne1 h5 33.g3 a5 34.Nd3 Re8+ 35.Kd1 Ke4
36.Ke2 Rc8 37.Ne1 Rf8 {#R} 0-1

[Event "Bundesliga 1981/82"]
[Site "masterchessopen.com – Germany"]
[Round "0"]
[White "Schuh Hubert (GER)"]
[Black "Huenerkopf Heinz (GER)"]
[Result "0-1"]
[WhiteElo "2292"]
[BlackElo "2285"]

1.d4 Nf6 2.c4 g6 3.Nf3 Bg7 4.Nc3 d5 5.Bf4 O-O 6.Rc1 dxc4 7.e3 Be6 8.Ng5 Bd5
9.e4 h6 10.exd5 hxg5 11.Bxg5 b5 12.Bxf6 exf6 13.Be2 c6 14.dxc6 Nxc6 15.Nxb5
Qd5 16.Na3 Qxg2 17.Rf1 Rad8 18.Rxc4 Rfe8 19.Nc2 Bh6 20.Rc3 f5 21.Ne3 Qe4 22.d5
Nd4 23.Rc4 Nf3+ 24.Bxf3 Qxc4 25.b3 Qh4 26.Kd2 Qxh2 27.Kc1 Bxe3+ 28.fxe3 Qxa2
{#R} 0-1

[Event "Olympiad"]
[Site "masterchessopen.com – Lucerne (Switzerland)"]
[Round "14"]
[White "Trikaliotis Georgios (GRE)"]
[Black "Ceschia Ivano (ITA)"]
[Result "1-0"]
[WhiteElo "2247"]
[BlackElo "2316"]

1.d4 Nf6 2.c4 g6 3.Nc3 d5 4.Nf3 Bg7 5.Bf4 O-O 6.Rc1 c5 7.dxc5 Be6 8.e3 Nc6
9.Ng5 Qa5 10.Qa4 Qxc5 11.Qb5 Qxb5 12.cxb5 Nb8 13.Be2 Nbd7 14.O-O Rac8 15.Na4
Bf5 16.Bc7 b6 17.Nf3 Ne4 18.b4 e5 19.Rfd1 Be6 20.Nd2 Nxd2 21.Rxd2 Nf6 22.Rdc2
Ne8 23.g3 Nxc7 24.Rxc7 Rfd8 25.R1c6 e4 26.Rxa7 d4 27.Nxb6 Rb8 28.a4 dxe3
29.fxe3 Bh6 30.Kf2 Rd2 31.Nc4 Ra2 32.b6 Bg4 33.b7 Bxe2 34.Ra8 Bxc4+ 35.Ke1 Bd3
36.Rxb8+ Kg7 37.Rg8+ Kxg8 38.b8=Q+ {#r} 1-0

[Event "Ch Manhattan Chess Club"]
[Site "masterchessopen.com – New York (USA)"]
[Round "10"]
[White "Dlugy Maxim (USA)"]
[Black "London Dimitri (USA)"]
[Result "1-0"]
[WhiteElo "2495"]
[BlackElo "2405"]

1.d4 Nf6 2.c4 g6 3.Nc3 d5 4.Nf3 Bg7 5.Bf4 O-O 6.Rc1 c5 7.dxc5 dxc4 8.Qxd8 Rxd8
9.e3 Na6 10.c6 bxc6 11.Bxc4 Nb4 12.Bc7 Nd3+ 13.Bxd3 Rxd3 14.Be5 Ba6 15.O-O Rd7
16.Rfd1 Rad8 17.Rxd7 Rxd7 18.h3 Bf8 19.Nd4 Rb7 20.Na4 Nd7 21.Rxc6 Bd3 22.Bg3
e5 23.Rc3 Bb1 24.Nc6 f6 25.a3 Kf7 26.Nd8+ {#r} 1-0

[Event "Zt"]
[Site "masterchessopen.com – Canada"]
[Round "0"]
[White "Ross David (CAN)"]
[Black "Reeve Jeff (CAN)"]
[Result "1-0"]
[WhiteElo "2291"]
[BlackElo "2230"]

1.d4 Nf6 2.c4 g6 3.Nc3 d5 4.Nf3 Bg7 5.Bf4 O-O 6.Rc1 dxc4 7.e4 c5 8.dxc5 Qa5
9.e5 Nh5 10.Be3 Nc6 11.Bxc4 Bg4 12.Be2 Bxf3 13.Bxf3 Nxe5 14.Be2 Rad8 15.Qc2 f5
16.f4 Nc6 17.Qb3+ Kh8 18.Qxb7 Nd4 19.Bxh5 gxh5 20.O-O Rb8 21.Qd5 Rfd8 22.Qc4
Rb4 23.Qf7 Rxb2 24.Qxe7 Rg8 25.Kh1 Ne2 26.Nxe2 Rxe2 27.c6 Qxa2 28.Qxa7 Qd5
29.Rf2 Rxf2 30.Bxf2 Bf6 31.Bg3 h4 32.c7 Rc8 33.Qa6 {#r} 1-0

[Event "Zt"]
[Site "masterchessopen.com – Canada"]
[Round "0"]
[White "Ross David (CAN)"]
[Black "Stone Raymond (CAN)"]
[Result "1-0"]
[WhiteElo "2291"]
[BlackElo "2305"]

1.d4 Nf6 2.c4 g6 3.Nc3 d5 4.Nf3 Bg7 5.Bf4 O-O 6.Rc1 dxc4 7.e4 a6 8.Bxc4 b5
9.Bb3 Bb7 10.O-O e6 11.Re1 Nbd7 12.e5 Nd5 13.Nxd5 exd5 14.Ng5 {#r} 1-0

[Event "It"]
[Site "masterchessopen.com – Habana (Cuba)"]
[Round "0"]
[White "Garcia Gonzales Guillermo (CUB)"]
[Black "Milos Gilberto (BRA)"]
[Result "1-0"]
[WhiteElo "2500"]
[BlackElo "2465"]

1.d4 Nf6 2.c4 g6 3.Nc3 d5 4.Bf4 Bg7 5.Nf3 O-O 6.Rc1 c5 7.dxc5 Be6 8.Nd4 Nc6
9.Nxe6 fxe6 10.e3 Qa5 11.Be2 Ne4 12.O-O Nxc3 13.bxc3 Qxc5 14.cxd5 exd5 15.Rb1
Rad8 16.Rxb7 Bxc3 17.Rb5 Qa3 18.Rxd5 Qxa2 19.Bf3 {#r} 1-0

[Event "Memorial T.Petrosian"]
[Site "masterchessopen.com – Yerevan (Armenia)"]
[Round "0"]
[White "Ortega Lexy (ITA)"]
[Black "Lputian Smbat G (ARM)"]
[Result "1-0"]
[WhiteElo "2440"]
[BlackElo "2520"]

1.d4 Nf6 2.c4 g6 3.Nc3 d5 4.Nf3 Bg7 5.Bf4 O-O 6.Rc1 dxc4 7.e3 Be6 8.Ne5 Nh5
9.d5 Nxf4 10.exf4 Bc8 11.Bxc4 c6 12.O-O Nd7 13.Nxf7 Rxf7 14.dxc6 bxc6 15.Ne4
Bh6 16.Nc5 Qe8 17.Bxf7+ Kxf7 18.Qb3+ Kf6 19.Qe6+ Kg7 20.Qxc6 Rb8 21.Rfe1 Kf8
22.Qc7 Ra8 23.Rcd1 Nxc5 24.Rd8 Nd7 25.f5 Bg7 26.fxg6 hxg6 27.Qf4+ Nf6 28.Rxe8+
Kxe8 29.Qd6 {#r} 1-0

[Event "It"]
[Site "masterchessopen.com – Nethanya (Israel)"]
[Round "10"]
[White "Stepak Yedael (ISR)"]
[Black "Kotliar Mark (ISR)"]
[Result "1-0"]
[WhiteElo "2262"]
[BlackElo "2300"]

1.d4 Nf6 2.c4 g6 3.Nc3 d5 4.Nf3 Bg7 5.Bf4 O-O 6.Rc1 dxc4 7.e3 Nc6 8.Bxc4 Nh5
9.Bg5 a6 10.Ne4 b6 11.Ng3 Bg4 12.Nxh5 Bxh5 13.h3 Bxf3 14.Qxf3 Na5 15.Bd5 Rc8
16.b4 c6 17.Be4 f5 18.Bd3 h6 19.bxa5 hxg5 20.Bxa6 Ra8 21.Qxc6 Kh7 22.h4 gxh4
23.Rxh4+ Bh6 24.g4 Rf6 25.Rxh6+ Kxh6 26.Qh1+ Kg7 27.g5 Rxa6 28.Qh6+ Kf7
29.gxf6 Qg8 30.fxe7 bxa5 31.Rc7 Rd6 32.Qh2 Rd5 33.e8=Q+ {#r} 1-0